Luni River : habitat and ichthyofaunal diversity / (Record no. 49979)

MARC details
000 -LEADER
fixed length control field 00705nam a22002537a 4500
003 - CONTROL NUMBER IDENTIFIER
control field OSt
008 - FIXED-LENGTH DATA ELEMENTS--GENERAL INFORMATION
fixed length control field 260324b |||||||| |||| 00| 0 eng d
020 ## - INTERNATIONAL STANDARD BOOK NUMBER
International Standard Book Number 9788119105007
082 ## - DEWEY DECIMAL CLASSIFICATION NUMBER
Classification number 597.1764
Item number P29L
245 ## - TITLE STATEMENT
Title Luni River : habitat and ichthyofaunal diversity /
Statement of responsibility, etc. by Ajey Kumar Pathak...[et al.]
260 ## - PUBLICATION, DISTRIBUTION, ETC. (IMPRINT)
Place of publication, distribution, etc .- Delhi
Name of publisher, distributor, etc : International Books
Date of publication, distribution, etc , 2024
300 ## - PHYSICAL DESCRIPTION
Extent xvi,85p.
650 ## - SUBJECT ADDED ENTRY--TOPICAL TERM
Topical term or geographic name as entry element Pure Sciences
650 ## - SUBJECT ADDED ENTRY--TOPICAL TERM
Topical term or geographic name as entry element Animals
650 ## - SUBJECT ADDED ENTRY--TOPICAL TERM
Topical term or geographic name as entry element Fishes
650 ## - SUBJECT ADDED ENTRY--TOPICAL TERM
Topical term or geographic name as entry element Luni River
650 ## - SUBJECT ADDED ENTRY--TOPICAL TERM
Topical term or geographic name as entry element Ichthyofaunal Diversity
700 ## - ADDED ENTRY--PERSONAL NAME
Personal name Pathak, Ajey Kumar.
700 ## - ADDED ENTRY--PERSONAL NAME
Personal name Kantharajan, Ganesan.
700 ## - ADDED ENTRY--PERSONAL NAME
Personal name Kumar, Ravi.
700 ## - ADDED ENTRY--PERSONAL NAME
Personal name Dayal, Rajesh.
700 ## - ADDED ENTRY--PERSONAL NAME
Personal name Saini, Ved Prakash.
942 ## - ADDED ENTRY ELEMENTS (KOHA)
Source of classification or shelving scheme
Koha item type Books
Holdings
Withdrawn status Lost status Source of classification or shelving scheme Damaged status Not for loan Home library Current library Date acquired Source of acquisition Cost, normal purchase price Full call number Barcode Date last seen Bill Date Koha item type Bill Number
          Dr. Rajendra Prasad Central Agricultural University Pusa, College of Fishries - Dholi 24/03/2026 Faith, New Delhi 1950.00 597.1764 P29L 88178 24/03/2026 02/02/2026 Books FE/9/2025-26
Hosted, Implemented, Customized & Maintained by: BestBookBuddies

Powered by Koha